00492nam a2200193 a 4500001001300000003000900013005001700022008004100039020001000080082001500090100002300105245003300128260002600161300000900187500003500196505002800231650001600259700002300275nice12345678IN_TiNIC20260116011731.0050524s1976 laha grp 000 0 urd  ac3.500a231.3bMEC aMechonaki, James H aRuhul Qudus Ka Se Pehlu Raaz aLahorebH Bakhtc1976 a160p aincludes index and biblioraphy2 astudies in islam series aHoly Spirit1 aMechonaki, James H